000 01146nam a22002417a 4500
003 St Aloysius Coll
005 20260128151421.0
008 260128b |||||||| |||| 00| 0 eng d
020 _a9789356064485
040 _cAL
041 _aEnglish
082 _a546
_bHUHI
100 _aJames E Huheey
_9252991
245 _aInorganic chemistry
_b: principles of structure and reactivity
250 _a5th
260 _aNoida
_bPearson
_c2025
300 _axxiv,944p.
_bPB
_c23x17Cm.
365 _2General
_a5637
_b₹888.00
_c
_d₹1110.00
_e20%
_f26/01/2026
520 _aInorganic Chemistry; the structure of the atom; symmentry and group theory; iconic bonding and the solid state; the covalent bond; the structure of molecules and stereochemical nonrigidity; chemical forces; Acid-base chemistry; chemistry in aqueous and nonaqueous solvents; the chemistry of the main group elements peridicity; the chemistry of the main group elements inorganic chains rings and cages.
650 _2Chemistry
_aInorganic Chemistry
_9252992
700 _aKeiter, Ellen A
_dKeiter, Richard L
_eMedhi, Okhil K
_qMedhi, Chitrani
_9252993
942 _2ddc
_cBK
999 _c240832
_d240832